Bình giảng văn học lớp 8
Salvato in:
| Altri autori: | , , , , |
|---|---|
| Natura: | Libro |
| Pubblicazione: |
Hà Nội
Giáo dục
1997
|
| Soggetti: | |
| Tags: |
Aggiungi Tag
Nessun Tag, puoi essere il primo ad aggiungerne! !
|
| Thư viện lưu trữ: | Trung tâm Học liệu Lê Vũ Hùng, Trường Đại học Đồng Tháp |
|---|
| LEADER | 00908pam a22002778a 4500 | ||
|---|---|---|---|
| 001 | 00042529 | ||
| 005 | 20181003101022.0 | ||
| 008 | 170328s1999 ||||||Viesd | ||
| 020 | # | # | |c 6000 |
| 041 | 0 | # | |a Vie |
| 082 | 1 | 4 | |a 807 |b B312GI |
| 245 | 0 | 0 | |c Vũ Dương Quý(chủ biên); Trịnh Bích Hà...[và những người khác] |a Bình giảng văn học lớp 8 |
| 260 | # | # | |a Hà Nội |b Giáo dục |c 1997 |
| 300 | # | # | |a 95 tr. |c 19 cm. |b hình ảnh |
| 653 | # | # | |a Dạy học |
| 653 | # | # | |a Binh giảng |
| 653 | # | # | |a Lớp 8 |
| 653 | # | # | |a Văn học |
| 700 | 1 | # | |a Nguyễn, Kim Phong |
| 700 | 1 | # | |a Nguyễn, Văn Chính |
| 700 | 1 | # | |a Trịnh, Bích Hà |
| 700 | 1 | # | |a Văn Giá |
| 700 | 1 | # | |a Vũ, Dương Quý |e (chủ biên) |
| 852 | # | # | |j KD.0024275 |
| 910 | |d 03/10/2018 | ||
| 980 | # | # | |a Trung tâm Học liệu Lê Vũ Hùng, Trường Đại học Đồng Tháp |